| 000 | 01300cam a2200229 4500 | ||
|---|---|---|---|
| 001 | ##L133119 | ||
| 008 | 060411n2006 000 0 eng u | ||
| 020 | _a0110743873 | ||
| 035 | _a(Sirsi) u133119 | ||
| 041 | 0 | _aeng | |
| 110 | 2 |
_aUnited Kingdom _bHM Treasury |
|
| 245 | 0 | 4 |
_aThe Income Tax (Indexation) Order 2006 _h[electronic resource] |
| 260 |
_aLondon _bTSO _c2006 |
||
| 490 |
_aSI _v2006: 872 |
||
| 520 | _a1(6) of the Income and Corporation Taxes Act 1988 ("the Act") provides that HM Treasury shall before each year of assessment specify the amounts which that section shall, unless Parliament otherwise determines, be treated as specified for the purposes of 1(2)(aa) (starting rate limit of charge to income tax), and 1(2)(b) (basic rate limit of charge to income tax) of the Act for the year of assessment 2005/06. These amounts were specified for the year 2005/06 by the Income Tax (Indexation) Order 2005 (SI: 2005/716). | ||
| 590 | _aIKA110406 | ||
| 650 | 2 | 4 | _aINCOME AND CORPORATION TAXES ACT 1988 |
| 650 | 2 | 4 | _aINCOME TAX (INDEXATION) ORDER 2005 |
| 690 | _aPROPERTY-PROPERTY TAXATION-PROPERTY TAX ALLOWANCES | ||
| 856 | 4 | 0 |
_uhttps://www.legislation.gov.uk/uksi/2006/872/contents/made _zView the Statutory Instrument free of charge at www.legislation.gov.uk... |
| 942 | _n0 | ||
| 999 |
_c105333 _d105333 |
||